00320 2200133 4500001002100000005001500021035002000036245006200056300000700118260002900125082000800154084001200162990001200174INLIS00000000000216420250527115547 a0010-0525000456 aTes Kepribadian Minat dan Bakat /cTim Psikotes Widyatama a68 bPustaka Widyatama,c2006 a600 a600 TES a0713249